000 00381nam a2200181Ia 4500
008 151202s9999||||xx |||||||||||||| ||und||
082 _bPNVM-14031
100 _aBUCK P.
245 _aHIDDEN FLOWER.
260 _b---
260 _c0
300 _a0
600 _aBUCK P.
630 _aHIDDEN FLOWER.
700 _aBUCK P.
730 _aHIDDEN FLOWER.
942 _cBOOK
999 _c1280017
_d1280014